| 000 | 01246nam a2200277 a 4500 | ||
|---|---|---|---|
| 005 | 20240305165352.0 | ||
| 007 | cr|||| |||| | ||
| 008 | 091030s2009 sp f |||| 0|0 0 spa|c | ||
| 020 | _a9788496721838 | ||
| 035 | _a5780 | ||
| 040 | _dvLex | ||
| 090 |
_c2921 _d2921 |
||
| 100 | 1 | _aBlasco Jover, Carolina | |
| 245 | 1 | 3 |
_aEl Derecho a la cláusula de conciencia de los profesionales de la información _h[Recurso electrónico] / _cCarolina Blaco Jover |
| 256 | _aServicio en línea | ||
| 260 |
_aAlbacete : _bBomarzo, _c2009 |
||
| 300 | _a1 recurso electrónico | ||
| 504 | _aBibliografía: p. 327-349 | ||
| 506 | 1 |
_aContenido solo disponible en los productos indicados _dvLex Global _dvLex Global (Academic Edition, excluding Law Schools) _dvLex Global (U.S. Academic Edition, Law Schools) _dvLex Global (U.S. Academic Edition, excluding Law Schools) _dvLex Global (Academic Edition, Law Schools) |
|
| 650 | 4 |
_aSecreto profesional _xPeriodismo _zEspaña |
|
| 650 | 4 |
_aLibertad de información _xDerecho _zEspaña |
|
| 650 | 4 |
_aMedios de comunicación _zEspaña |
|
| 740 | 0 | _avLex Libros (Servicio en línea) | |
| 856 | 4 | 0 | _uhttps://app.vlex.com/#/sources/derecho-clausula-conciencia-profesionales-informacion-5780 |
| 942 | _cRAA | ||
| 999 |
_c161339 _d161339 |
||